| 000 | 00000nam 2200000za 4500 |
| 001 | 9.816835 |
| 003 | CaOODSP |
| 005 | 20221107142335 |
| 007 | cr ||||||||||| |
| 008 | 160504s1995 onc |o f|0| 0 eng d |
| 020 | |z92-64-14655-5 |
| 040 | |aCaOODSP|beng |
| 043 | |an-cn--- |
| 086 | 1 |aCS89-545/1995E-PDF |
| 245 | 00|aLiteracy, economy and society |h[electronic resource] : |bresults of the first international adult literacy survey. |
| 260 | |aOttawa : |bStatistics Canada, |c1995. |
| 300 | |a199 p. : |btables. |
| 500 | |aIssued also in French under title: Littératie, économie et société : résultats de la première enquête internationale sur l'alphabétisation des adultes. |
| 500 | |aDigitized edition from print [produced by Statistics Canada]. |
| 692 | 07|2gccst|aLiteracy |
| 692 | 07|2gccst|aEconomy |
| 710 | 2 |aStatistics Canada. |
| 775 | 08|tLittératie, économie et société |w(CaOODSP)9.816842 |
| 856 | 40|qPDF|s21.83 MB|uhttps://publications.gc.ca/collections/collection_2016/statcan/CS89-545-1995-eng.pdf |